Differential Equations and their Applicaions (Record no. 60745)
[ view plain ]
| 000 -LEADER | |
|---|---|
| fixed length control field | 00565nam a22001937a 4500 |
| 005 - DATE & TIME | |
| control field | 20260604164805.0 |
| 008 - FIXED-LENGTH DATA ELEMENTS--GENERAL INFORMATION | |
| fixed length control field | 260425b |||||||| |||| 00| 0 eng d |
| 020 ## - ISBN | |
| International Standard Book Number | 9781944660710 |
| Price | 1650.00 |
| 040 ## - CATALOGING SOURCE | |
| Original cataloging agency | Doon University |
| 041 ## - Language | |
| Language | English |
| 082 ## - DDC NUMBER | |
| Classification number | 535.353 |
| Book Number | NAK |
| 100 ## - MAIN ENTRY--PERSONAL NAME | |
| Personal name | Nakanishi, Noboru |
| 245 ## - TITLE STATEMENT | |
| Title | Differential Equations and their Applicaions |
| Sub Title | : Analysis from a Physicist`s Viewpoint |
| 260 ## - PUBLICATION, DISTRIBUTION, ETC. (IMPRINT) | |
| Place of publication, distribution, etc | New Jersey |
| Name of publisher, distributor, etc | World Scientific |
| Date of publication, distribution, etc | 2024 |
| 300 ## - PHYSICAL DESCRIPTION | |
| Pages | 385 |
| 650 ## - Subject | |
| Subject | Mathematics (PM USHA) |
| 700 ## - Added Entry Personal Name | |
| Added Entry Personal Name | Seto, Kenji |
| 942 ## - ADDED ENTRY ELEMENTS (KOHA) | |
| Koha item type | Books |
| 100 ## - MAIN ENTRY--PERSONAL NAME | |
| -- | 26762 |
| 650 ## - Subject | |
| -- | 26738 |
| 700 ## - Added Entry Personal Name | |
| -- | 26763 |
| 952 ## - LOCATION AND ITEM INFORMATION (KOHA) | |
| -- | 2026-04-25 |
| -- | 2026-04-25 |
| 952 ## - LOCATION AND ITEM INFORMATION (KOHA) | |
| -- | 2026-04-25 |
| -- | 2026-04-25 |
| 952 ## - LOCATION AND ITEM INFORMATION (KOHA) | |
| -- | 2026-04-25 |
| -- | 2026-04-25 |
| Withdrawn status | Lost status | Source of classification or shelving scheme | Damaged status | Not for loan | Location (home branch) | Sublocation or collection (holding branch) | Date acquired | Koha full call number | Accession No. | Koha date last seen | Koha item type |
|---|---|---|---|---|---|---|---|---|---|---|---|
| Doon University | Doon University | 04.06.2026 | 535.353 NAK | 32851 | 25.04.2026 | Books | |||||
| Doon University | Doon University | 04.06.2026 | 535.353 NAK | 32852 | 25.04.2026 | Books | |||||
| Doon University | Doon University | 04.06.2026 | 535.353 NAK | 32853 | 25.04.2026 | Books |